| 000 | 01094 a2200229 4500 | ||
|---|---|---|---|
| 005 | 20211029093807.0 | ||
| 008 | 160318s2015 ck ad||fr|||| 000 0 spa d | ||
| 020 | _a9789587741599 | ||
| 040 |
_aCO-BoUCM _bspa _cSandra Palacio _dSandra Palacio |
||
| 041 | 0 | _aspa | |
| 245 |
_aGestión estratégica del talento humano en el sector público _bestado del arte, diagnóstico y recomendaciones para el caso colombiano _cCompilador Pedro Pablo Sanabria Pulido |
||
| 260 |
_bEdiciones Uniandes _aBogotá (Colombia) _c2015 |
||
| 300 |
_a366 páginas _bilustraciones, tablas, gráficas, diagramas |
||
| 490 | 0 | _aInvestigaciones EGOB. Gestión pública | |
| 650 | 7 |
_98562 _aAdministración de personal _xInvestigaciones _zColombia |
|
| 650 | 7 |
_916187 _aFunción pública _vInvestigaciones _xAdministración de personal _zColombia |
|
| 650 | 7 |
_98562 _aAdministración de personal _xPolítica pública |
|
| 690 |
_aAdministración de empresas _9435 |
||
| 700 | 1 |
_aSanabria Pulido, Pedro Pablo _ecompilador _976257 |
|
| 942 |
_cLIBRO _2DEWEY _a16 _e1 _h658.3 _mG393ge |
||
| 999 |
_c302977 _d302977 |
||